|
|
|
|
| LEADER |
00000nam0a2200000 4500 |
| 001 |
359206 |
| 005 |
20231102011153.0 |
| 035 |
|
|
|a (RuTPU)RU\TPU\retro\16478
|
| 090 |
|
|
|a 359206
|
| 100 |
|
|
|a 20200926d1973 km y0rusy50 ca
|
| 101 |
0 |
|
|a rus
|
| 102 |
|
|
|a RU
|
| 105 |
|
|
|a y z 001zy
|
| 200 |
1 |
|
|a Становление советской системы организации науки (1917-1922)
|f М. С. Бастракова
|g Академия наук СССР, Институт истории естествознания и техники ; под ред. С. Р. Микулинского
|
| 210 |
|
|
|a Москва
|c Наука
|d 1973
|
| 215 |
|
|
|a 294 с.
|
| 225 |
1 |
|
|a Науковедение: проблемы и исследования
|
| 320 |
|
|
|a Библиография в ссылках
|
| 320 |
|
|
|9 572
|a Указ. имен: с. 281-284
|
| 320 |
|
|
|9 572
|a Указатель организаций: с. 285-292
|
| 606 |
1 |
|
|a Наука
|y В СССР
|2 stltpush
|3 (RuTPU)RU\TPU\subj\45072
|9 64334
|
| 610 |
1 |
|
|a история
|
| 610 |
1 |
|
|a система
|
| 610 |
1 |
|
|a организация
|
| 610 |
1 |
|
|a научная революция
|
| 610 |
1 |
|
|a 19 век
|
| 610 |
1 |
|
|a 20 век
|
| 610 |
1 |
|
|a русская наука
|
| 610 |
1 |
|
|a научное сотрудничество
|
| 610 |
1 |
|
|a научное сообщество
|
| 610 |
1 |
|
|a отраслевая система
|
| 610 |
1 |
|
|a отраслевая структура
|
| 610 |
1 |
|
|a научная деятельность
|
| 610 |
1 |
|
|a управление
|
| 686 |
|
|
|a Ч21(2)
|v LBC/SL-A
|2 rubbk
|
| 700 |
|
1 |
|a Бастракова
|b М. С.
|g Майя Семеновна
|
| 702 |
|
1 |
|a Микулинский
|b С. Р.
|4 340
|
| 712 |
0 |
2 |
|a Академия наук СССР
|b Институт истории естествознания и техники
|c (Москва)
|c (1953- )
|2 stltpush
|3 (RuTPU)RU\TPU\col\8662
|9 24561
|
| 801 |
|
1 |
|a RU
|b 63413507
|c 20200926
|
| 801 |
|
2 |
|a RU
|b 63413507
|c 20200928
|g RCR
|
| 942 |
|
|
|c BK
|